00810 a2200205 4500003000500000005001700005040000900022082001200031100003300043245006600076260002700142300001400169505023200183538002900415650001600444651001100460942000800471999001900479952010600498Nust20170207153550.0 cNust a621.382 aLiaquat, Sadaquat (MSEE-4) aConvolutional coding and viterbi decodingcSadaquat Liaquat  bMCScJanuary 2000aRwp ax, 121 p. aDigital communication fundamental/background (page-1), Convolutional coding and viterbi decoding (page-20), Description of viterbi algorithm for simulation (page-30), Simulation (page-52), High speed viterbi decoder (page-85).  aAlmirah no.69 shelf no.2 aMSEE Thesis aMSEE-4 cTHS c188815d188815 00102ddc40708NFICaMCSbMCSd2016-12-12l0o621.382 LIApMCSTEE-146r2016-12-08w2016-12-12yBK